<?xml version="1.0" encoding="UTF-8"?>
<marc:record xmlns:marc="http://www.loc.gov/MARC21/slim">
   <marc:leader>00000nam a2200000 a 4500</marc:leader>
   <marc:datafield ind1="1" ind2=" " tag="100">
      <marc:subfield code="a">Egger, Gottfried</marc:subfield>
      <marc:subfield code="4">edt</marc:subfield>
      <marc:subfield code="e">Bearbeiter/-in</marc:subfield>
   </marc:datafield>
   <marc:datafield ind1="1" ind2=" " tag="100">
      <marc:subfield code="a">Varano, Camilla Battista da</marc:subfield>
      <marc:subfield code="4">ctb</marc:subfield>
      <marc:subfield code="e">Mitwirkende/-r</marc:subfield>
   </marc:datafield>
   <marc:datafield ind1="1" ind2=" " tag="100">
      <marc:subfield code="a">Bäbler, Elisabeth</marc:subfield>
      <marc:subfield code="4">ctb</marc:subfield>
      <marc:subfield code="e">Mitwirkende/-r</marc:subfield>
   </marc:datafield>
   <marc:datafield ind1="1" ind2=" " tag="100">
      <marc:subfield code="a">Ernst, Susanne</marc:subfield>
      <marc:subfield code="4">ctb</marc:subfield>
      <marc:subfield code="e">Mitwirkende/-r</marc:subfield>
   </marc:datafield>
   <marc:datafield ind1="1" ind2=" " tag="100">
      <marc:subfield code="a">Zacherl, Elisabeth</marc:subfield>
      <marc:subfield code="4">ctb</marc:subfield>
      <marc:subfield code="e">Mitwirkende/-r</marc:subfield>
   </marc:datafield>
   <marc:datafield ind1=" " ind2=" " tag="653">
      <marc:subfield code="a">Varano</marc:subfield>
   </marc:datafield>
   <marc:datafield ind1=" " ind2=" " tag="653">
      <marc:subfield code="a">Camilla Battista da</marc:subfield>
   </marc:datafield>
   <marc:datafield ind1=" " ind2=" " tag="653">
      <marc:subfield code="a">Geschichte 1491-1521</marc:subfield>
   </marc:datafield>
   <marc:datafield ind1=" " ind2=" " tag="653">
      <marc:subfield code="a">Frauenmystik</marc:subfield>
   </marc:datafield>
   <marc:datafield ind1=" " ind2=" " tag="653">
      <marc:subfield code="a">Franziskaner</marc:subfield>
   </marc:datafield>
   <marc:datafield ind1=" " ind2=" " tag="653">
      <marc:subfield code="a">Klarissen</marc:subfield>
   </marc:datafield>
   <marc:datafield ind1=" " ind2=" " tag="653">
      <marc:subfield code="a">Camilla Battista</marc:subfield>
   </marc:datafield>
   <marc:datafield ind1=" " ind2=" " tag="653">
      <marc:subfield code="a">Mystik</marc:subfield>
   </marc:datafield>
   <marc:datafield ind1=" " ind2=" " tag="653">
      <marc:subfield code="a">Klara von Assisi</marc:subfield>
   </marc:datafield>
   <marc:datafield ind1=" " ind2=" " tag="653">
      <marc:subfield code="a">Johannes vom Kreuz</marc:subfield>
   </marc:datafield>
   <marc:datafield ind1=" " ind2=" " tag="653">
      <marc:subfield code="a">Herz Jesu</marc:subfield>
   </marc:datafield>
   <marc:datafield ind1=" " ind2=" " tag="653">
      <marc:subfield code="a">Spiritualität</marc:subfield>
   </marc:datafield>
   <marc:datafield ind1=" " ind2=" " tag="653">
      <marc:subfield code="a">Softcover / Sachbücher/Philosophie</marc:subfield>
   </marc:datafield>
   <marc:datafield ind1=" " ind2=" " tag="653">
      <marc:subfield code="a">Religion/Biographien</marc:subfield>
   </marc:datafield>
   <marc:datafield ind1=" " ind2=" " tag="653">
      <marc:subfield code="a">Autobiographien</marc:subfield>
   </marc:datafield>
   <marc:datafield ind1=" " ind2=" " tag="653">
      <marc:subfield code="a">Biografie</marc:subfield>
   </marc:datafield>
   <marc:datafield ind1=" " ind2=" " tag="653">
      <marc:subfield code="a">Briefsammlung</marc:subfield>
   </marc:datafield>
   <marc:datafield ind1=" " ind2=" " tag="653">
      <marc:subfield code="a">Quelle</marc:subfield>
   </marc:datafield>
   <marc:datafield ind1=" " ind2=" " tag="653">
      <marc:subfield code="a">Biographie</marc:subfield>
   </marc:datafield>
   <marc:datafield ind1="0" ind2="0" tag="245">
      <marc:subfield code="a">Es begann mit einer Träne...</marc:subfield>
   </marc:datafield>
   <marc:datafield ind1="0" ind2="0" tag="245">
      <marc:subfield code="b">Leben und Schriften der heiligen Camilla Battista von Varano OSC</marc:subfield>
   </marc:datafield>
   <marc:datafield ind1="0" ind2="0" tag="245">
      <marc:subfield code="c">Gottfried Egger (Hrsg.). [Unter Mitarb. von Elisabeth Bäbler ...</marc:subfield>
   </marc:datafield>
   <marc:datafield ind1=" " ind2="1" tag="264">
      <marc:subfield code="a">Heiligenkreuz</marc:subfield>
      <marc:subfield code="b">Be&amp;Be</marc:subfield>
      <marc:subfield code="c">2012</marc:subfield>
   </marc:datafield>
   <marc:datafield ind1="1" ind2=" " tag="520">
      <marc:subfield code="a">Angaben aus der Verlagsmeldung

Es begann mit einer Träne... : Leben und Schriften der heiligen Camilla Battista von Varano OSC / von Gottfried Egger

Ein Autorenteam vorwiegend franziskanisch-klarianischer Provenienz bietet in diesem Buch die erste deutsche Übersetzung des Gesamtwerkes der im Oktober 2010 von Papst Benedikt XVI. in Rom heiliggesprochenen Klarisse Camilla Battista von Varano (1458-1524) aus den Marken in Mittelitalien.

Den Leser erwartet eine umfassende, aktuelle Hinführung zu Leben und Spiritualität dieser mutigen „Abenteurerin“ Gottes, die als adelige Prinzessin aus einem der prunkvollen mittelitalienischen Renaissancehöfen des ausgehenden 15. Jahrhunderts nicht nur die ehrgeizigen Heiratspläne ihres Vaters zu durchkreuzen versteht und einen „Exodus“ in die „Wüste“ das Klarissen-Reformklosters von Urbino durchführt, sondern als arme Klarisse von Camerino später sogar den mörderischen Nachstellungen kirchlicher Truppen in den Wirren der Borgia-Papst-Politik gegen ihre Sippe zu entkommen weiß.

Dass ein Leben hinter Klostermauern keineswegs von der Teilnahme an den Ereignissen der Zeit „dispensiert“, dass ein radikales Hingegebensein an Gott keineswegs vom Dienst am konkreten Leben entbindet, das bezeugt jede Zeile dieses großartigen Zeugnisses gelebter Christusnachfolge bis hin zur letzten Konsequenz der Identifizierung mit dem Armen Gekreuzigten und seiner Armen Mutter.

In den Fußspuren der heiligen Klara von Assisi hat die in unseren Breiten kaum bekannte Klarisse der franziskanischen Observanz aus kontemplativer Begnadung heraus so genannte „Gelegenheitsliteratur“ verfasst, die nicht nur das Vokabular der Herz-Jesu-Mystik vorwegnimmt, sondern auch die Erfahrung der „Dunklen Nacht des Geistes“ – wenn auch nicht mit einer Systematik wie bei Johannes vom Kreuz – beispielhaft durchbuchstabiert.
</marc:subfield>
   </marc:datafield>
   <marc:datafield ind1=" " ind2=" " tag="020">
      <marc:subfield code="a">9783902694362</marc:subfield>
      <marc:subfield code="9">9783902694362</marc:subfield>
   </marc:datafield>
   <marc:datafield ind1=" " ind2=" " tag="041">
      <marc:subfield code="a">ger</marc:subfield>
   </marc:datafield>
   <marc:datafield ind1=" " ind2=" " tag="300">
      <marc:subfield code="a">456 S.</marc:subfield>
   </marc:datafield>
</marc:record>
